Lyrics: Konsuminfarkt (Systemfehler) - Statistiken

Allgemein
  • Dieses Quiz wurde 4 mal gespielt
  • Das Durchschnittsergebnis liegt bei 298 aus 365
Antwortstatistiken
Antwort % Korrekt
Biomarkt
100%
Biomarkt.
100%
brauche.
100%
da.
100%
Den
100%
den
100%
Die
100%
die
100%
Drei
100%
drei,
100%
ein
100%
Firma
100%
für
100%
Ganz
100%
ganz
100%
gar
100%
geehrte
100%
geehrter
100%
Gucci,
100%
hab
100%
ich
100%
Ich
100%
im
100%
Kasse
100%
Kaufen,
100%
kaufen,
100%
Kind
100%
kleine
100%
Konsuminfarkt,
100%
Konsuminfarkt.
100%
Konsuminfarkt
100%
kotzen
100%
Kunde,
100%
Laufen,
100%
laufen,
100%
laufen
100%
mitgenommen.
100%
nicht
100%
nie
100%
nie.
100%
öffnen
100%
Prada,
100%
Preis
100%
Scheiße
100%
Schlecht
100%
Sehr
100%
selber
100%
Sie
100%
sie
100%
sie,
100%
so
100%
Teuer
100%
und
100%
Und
100%
wie
100%
will
100%
will.
100%
wir
100%
zu
100%
zwei,
100%
zweites
100%
20.000
67%
Ab
67%
Aber
67%
aber
67%
alle
67%
also
67%
am
67%
an
67%
auf
67%
Aus
67%
ausgeschlossen,
67%
ausschließlich
67%
Ausverkauf
67%
Berg
67%
billig
67%
bis
67%
blutig
67%
Boden
67%
Bonzen,
67%
brauchen,
67%
C&A
67%
dankt:
67%
dann
67%
das
67%
dass
67%
Dein
67%
dein
67%
Denn
67%
der
67%
Dicken
67%
Doch
67%
eins
67%
entspannen.
67%
euch
67%
fängt
67%
Fünf,
67%
gedacht,
67%
Geld
67%
gerade
67%
Gold,
67%
großen
67%
Haben,
67%
Halteverbot
67%
hat,
67%
hat
67%
hinten
67%
Ihnen
67%
Ihr
67%
in
67%
ist,
67%
kommen
67%
konsumieren,
67%
Kreis
67%
Krieg
67%
krieg
67%
lässt
67%
lernt
67%
machen
67%
man
67%
mehr
67%
Meins.
67%
Meins
67%
morgen
67%
muss
67%
müssen,
67%
nach
67%
nett
67%
noch
67%
parken
67%
Porsche
67%
Prenzlauer
67%
Pulli
67%
Reduziert,
67%
sich
67%
Sicherheit
67%
sind
67%
sonst
67%
stellt
67%
stricken
67%
Totaler
67%
Tschüss
67%
um
67%
Umsatz
67%
Umtausch
67%
unbedingt,
67%
unserem
67%
viel
67%
vier,
67%
vom
67%
vor
67%
vorne,
67%
was
67%
Was
67%
weiß,
67%
wer
67%
Willkommen
67%
wollen
67%
wollen,
67%
wollt
67%
Wühltisch,
67%
Würgegriff
67%
Zuerst
67%
zum
67%
zur
67%
zusammen.
67%
arrrhhh
33%
Faustkampf
33%
fressen,
33%
fressen
33%
Gelb
33%
kann
33%
nur
33%
schließen
33%
Shop
33%
Sneakers,
33%
sollen.
33%
sollen,
33%
unseren
33%
wählen
33%
wählen.
33%
Wilder
33%
zählen,
33%
Keine übereinstimmenden Quizze gefunden
Verteilung der Resultate
Anzahl Personen mit jedem Resultat
Perzentil nach korrekt beantworteten Fragen
Ihre Resultats-Entwicklung
Sie haben dieses Quiz noch nicht gespielt